Name A Six-Letter Country A-Z - Statistics

General Stats
  • This quiz has been taken 720 times
  • The average score is 15 of 17
Answer Stats
Letter Country % Correct
Z Zambia
96%
B Belize | Bhutan | Brazil | Brunei
95%
G Gambia | Greece | Guinea | Guyana
95%
R Russia | Rwanda
94%
F France
92%
T Taiwan | Turkey | Tuvalu
91%
J Jordan
87%
M Malawi | Mexico | Monaco
87%
P Panama | Poland
87%
K Kosovo | Kuwait
86%
S Serbia | Sweden
86%
U Uganda
85%
C Canada | Cyprus
84%
A Angola
80%
L Latvia
79%
N Norway
77%
I Israel
72%
No matching quizzes found
Score Distribution
Percent of People with Each Score
Percentile by Number Answered
Your Score History
You have not taken this quiz